000 00459nam a2200193Ia 4500
005 20250423095142.0
008 250422s9999 xx 000 0 und d
020 _a9780367655020
050 _aTK 2182 .G66/
100 _aGonen, Turan
245 0 _aElectrical machines and their applications
250 _a3rd ed.
260 _aBoca Raton
260 _bCRC Press
260 _c2024
300 _a420 p
650 _aElectric machinery
942 _cBK
999 _c29399
_d29399